[Event "Quart de Poblet op 4th"]
[Site "Quart de Poblet"]
[Date "2016.09.02"]
[Round "3"]
[White "Lopez Escribano, Oscar"]
[Black "Juarez Manzano, Juan"]
[Result "1-0"]
[WhiteElo "1743"]
[BlackElo "1969"]
[PlyCount "177"]
[EventDate "2016.09.01"]
[EventType "swiss"]
[EventRounds "7"]
[EventCountry "ESP"]
[SourceTitle "EXT 2024"]
[Source "ChessBase"]
[SourceDate "2023.10.10"]
[SourceVersion "1"]
[SourceVersionDate "2023.10.10"]
[SourceQuality "1"]

1. d4 Nf6 2. Nf3 e6 3. Bf4 d5 4. e3 Bd6 5. Bd3 Bxf4 6. exf4 Qd6 7. Qd2 Ne4 8. Bxe4 dxe4 9. Ng5 f5 10. 0-0 Nc6 11. c3 b6 12. f3 h6 13. Nh3 Ba6 14. Rf2 Bd3 15. fxe4 fxe4 16. Qe3 0-0-0 17. Nd2 Ne7 18. Nxe4 Bxe4 19. Qxe4 Qd5 20. Re2 Qxe4 21. Rxe4 Rd6 22. Rae1 Kd7 23. Nf2 Rf8 24. Nd3 Ng6 25. Ne5+ Nxe5 26. fxe5 Rd5 27. Rf1 Ke7 28. Rxf8 Kxf8 29. Rf4+ Ke7 30. Kf2 Ra5 31. a3 c5 32. Ke3 cxd4+ 33. cxd4 Rb5 34. Rf2 Rb3+ 35. Ke4 a5 36. Rc2 Kd7 37. Rd2 Ke7 38. d5 exd5+ 39. Kxd5 Rb5+ 40. Ke4 Rc5 41. Kf5 b5 42. Re2 b4 43. axb4 axb4 44. Ke4 Ke6 45. Kd4 Rc8 46. g3 b3 47. Re3 Rc2 48. Rxb3 Rd2+ 49. Ke4 Re2+ 50. Kf3 Rxh2 51. Rb5 Rh1 52. b4 Rb1 53. Kf4 g5+ 54. Kg4 Rb3 55. Rb6+ Kxe5 56. Rxh6 Rxb4+ 57. Kxg5 Rb5 58. Rf6 Rb8 59. g4 Rg8+ 60. Rg6 Rh8 61. Rg7 Re8 62. Rf7 Rg8+ 63. Kh4 Ke6 64. Rf1 Rh8+ 65. Kg3 Rb8 66. g5 Rg8 67. Kg4 Ke7 68. Rf5 Rf8 69. g6 Rf6 70. Kg5 Rb6 71. Kh6 Rb1 72. Kg7 Re1 73. Kg8 Ke8 74. Rf7 Re2 75. Rh7 Rf2 76. Rf7 Rg2 77. Kg7 Rh2 78. Ra7 Rg2 79. Kh7 Rh2+ 80. Kg8 Rg2 81. Ra8+ Ke7 82. Kg7 Rg1 83. Ra5 Rg2 84. Rh5 Rg1 85. Re5+ Kd6 86. Rf5 Ke6 87. Rf2 Re1 88. Rh2 Ke7 89. Kh8 1-0